00529nam a2200157Ia 4500008004000000082001600040100001900056245003300075260003500108300000800143650001900151690001900170906001100189999001900200952015200219210210b2005 xxu||||| |||| 00| 0 eng d a346.07 MAIT aMAIYA (Umesh). aText book of commercial law. aUdupibPrajna Prakashanac2005 a188 acommercial law aMercantile Law a059993 c107228d107228 001040708LawaALbALcLawd2021-02-17ePrajna Prakashana, Udupig125.00l5o346.07 MAITp059993r2024-05-21 00:00:00s2024-05-16w2021-02-17yBK